Relationship Between Macro Economic Variables and Stock Market Indices-Evidence From Bombay Stock Exchange/ (Record no. 190859)

MARC details
000 -LEADER
fixed length control field 00702nam a22001937a 4500
005 - DATE AND TIME OF LATEST TRANSACTION
control field 20220808110451.0
010 ## - LCCN (DPL NO)
LC control number ENG-134345
020 ## - INTERNATIONAL STANDARD BOOK NUMBER
International Standard Book Number 9789387102804
Terms of availability 220.00
035 ## - SYSTEM CONTROL NUMBER
System control number EN-117877
037 ## - SOURCE OF ACQUISITION
Source of stock number/acquisition DBAD/PUB
082 ## - DEWEY DECIMAL CLASSIFICATION NUMBER
Classification number 339
245 ## - TITLE STATEMENT
Title Relationship Between Macro Economic Variables and Stock Market Indices-Evidence From Bombay Stock Exchange/
Statement of responsibility, etc Edited by P. Srinivasan and K. Murugadoss
260 ## - PUBLICATION, DISTRIBUTION, ETC. (IMPRINT)
Place of publication, distribution, etc Tamil Nadu
Name of publisher, distributor, etc Shanlax Publications
Date of publication, distribution, etc 2018
270 ## - ADDRESS
Address 61, 66 T.P.K. Main Road, Vasantha Nagar
City Madurai
Postal code 625003
Electronic mail address publisher@shanlaxpublications.com
300 ## - PHYSICAL DESCRIPTION
Extent 194p.
Dimensions 22cm(pbk)
700 ## - ADDED ENTRY--PERSONAL NAME
Personal name Srinivasan, P.
700 ## - ADDED ENTRY--PERSONAL NAME
Personal name Murugadoss, K.
942 ## - ADDED ENTRY ELEMENTS (KOHA)
Source of classification or shelving scheme Dewey Decimal Classification
Item type English Books
Classification part 339
Call number suffix REL
Holdings
Withdrawn status Lost status Not for loan Collection code Home library Current library Date acquired Source of acquisition Cost, normal purchase price Full call number Barcode Copy number Cost, replacement price Koha item type
      Non-fiction Bawana Bawana 08/08/2022 DBAD/PUB 220.00 339 REL EN-117877 1 220.00 English Books

© Delhi Public Library
Hit Counter
free hit counter